000 02124pam a2200277 i 4500
001 21479
003 IVS
005 20250813154708.0
008 770520s1979 nyua 000 0 eng
010 _a 76042650
020 _z0195024028 :
_c$19.50
040 _aDLC
_cDLC
_dDLC
050 0 0 _aNA2500
_b.A45
082 0 0 _a720.1 ALE
_b21479
_223
100 1 _aAlexander, Christopher,
_d1936-
245 1 4 _aThe timeless way of building /
_cChristopher Alexander.
260 _aNew York :
_bOxford University Press,
_c1979.
300 _axv, 552 p. :
_bill. ;
_c21 cm.
520 _aThe theory of architecture implicit in our world today, Christopher Alexander believes, is bankrupt. More and more people are aware that something is deeply wrong. Yet the power of present-day ideas is so great that many feel uncomfortable, even afraid, to say openly that they dislike what is happening, because they are afraid to seem foolish, afraid perhaps that they will be laughed at. Now, at last, there is a coherent theory which describes in modern terms an architecture as ancient as human society itself. "The Timeless Way of Building" is the introductory volume in the Center for Environmental Structure series. Christopher Alexander presents in it a new theory of architecture, building, and planning which has at its core that age-old process by which the people of a society have always pulled the order of their world from their own being. Alexander writes, "There is one timeless way of building". It is thousands of years old, and the same today as it has always been. The great traditional buildings of the past, the villages and tents and temples in which man feels at home, have always been made by people who were very close to the center of this way. And as you will see, this way will lead anyone who looks for it to buildings which are themselves as ancient in their form as the trees and hills, and as our faces are.
650 0 _aArchitecture.
650 0 _apermaculture
650 0 _acity planning
650 0 _aPattern perception.
906 _a7
_bcbc
_corignew
_du
_eocip
_f19
_gy-gencatlg
942 _2ddc
_cBK
_n0
999 _c15142
_d15142